| 000 | 00543nam a2200169 4500 | ||
|---|---|---|---|
| 001 | 137725 | ||
| 003 | ES-MaACL | ||
| 007 | t| | ||
| 008 | 070214s1911 sp r ||||1| spa d | ||
| 100 | 1 |
_aSalgari, Emilio, _d1862-1911 _9242636 |
|
| 245 | 1 | 0 |
_aEn las montañas de Africa / _cpor Emilio Salgari ; versión española del Marqués de Castelferrato. |
| 260 |
_aBarcelona : _bMucci, _c1911. |
||
| 300 |
_a342 p. ; _c21 x 14 cm. |
||
| 700 | 1 |
_aCastelferrato, Marqués de. _936481 |
|
| 852 |
_aES-MaACL _jB-3546 |
||
| 999 |
_c137725 _d137725 |
||